书目信息 |
| 题名: |
中亚五国史纲
|
|
| 作者: | 马大正 , 冯锡时 主编 | |
| 分册: | ||
| 出版信息: | 乌鲁木齐 新疆人民出版社 2000 |
|
| 页数: | 511页 | |
| 开本: | 20cm | |
| 丛书名: | ||
| 单 册: | ||
| 中图分类: | K36 | |
| 科图分类: | ||
| 主题词: | 中亚--历史 | |
| 电子资源: | ||
| ISBN: | 7-228-05163-7 | |
| 000 | 00654nam0 2200229 45 | |
| 001 | CAL 012000779247 | |
| 005 | 20041119102750.9 | |
| 010 | @a7-228-05163-7@dCNY25.00 | |
| 100 | @a20000713d2000 em y0chiy0121 ea | |
| 101 | 0 | @achi |
| 102 | @aCN@b650000 | |
| 105 | @ay a 000yy | |
| 200 | 1 | @a中亚五国史纲@Azhong ya wu guo shi gang@f马大正,冯锡时主编@FMa Da Zheng,Feng Xi Shi Zhu Bian |
| 210 | @a乌鲁木齐@c新疆人民出版社@d2000 | |
| 215 | @a511页@d20cm | |
| 320 | @a有书目(第503-509页) | |
| 606 | 0 | @a中亚@x历史 |
| 690 | @aK36@v4 | |
| 701 | 0 | @a马大正@4主编 |
| 701 | 0 | @a冯锡时@4主编 |
| 801 | @aCN@bTSTC@c20020417 | |
| 905 | @b308622-626@dK36@e4@f5 | |
| 中亚五国史纲/马大正,冯锡时主编.-乌鲁木齐:新疆人民出版社,2000 |
| 511页;20cm |
| ISBN 7-228-05163-7:CNY25.00 |
| ● |
| 相关链接 |
|
|
|
|
正题名:中亚五国史纲
索取号:K36/4
 
预约/预借
| 序号 | 登录号 | 条形码 | 馆藏地/架位号 | 状态 | 备注 |
| 1 | 0308622 | 203086221 | 第二借阅区/ [索取号:K36/4] | 在馆 | |
| 2 | 0308623 | 203086230 | 第二借阅区/ [索取号:K36/4] | 在馆 | |
| 3 | 0308624 | 203086249 | 第二借阅区/ [索取号:K36/4] | 在馆 | |
| 4 | 0308625 | 203086258 | 第二借阅区/ [索取号:K36/4] | 在馆 | |
| 5 | 0308626 | 203086267 | 第二样本阅览室/ [索取号:K36/4] | 在馆 |